000 00157nam a22000857a 4500
082 _a823
100 _aUNKNOWN
245 _aPOOH - STORIES TO COLOUR
942 _cBK
999 _c8153
_d8153